| 000 | 00349nam a22001457a 4500 | ||
|---|---|---|---|
| 020 | _a978-0-19-966440-5 | ||
| 082 |
_a030 _bWAI/C |
||
| 100 | _aWAITE, MAURICE | ||
| 245 | _aCOMPACT OXFORD THESAURUS | ||
| 250 | _aTHIRD REVISED EDITION | ||
| 260 |
_aDELHI _bOXFORD UNIVERSITY PRESS _c2012 |
||
| 300 | _a935 | ||
| 650 |
_aTHESAURUS _zINDIA |
||
| 942 | _cBK | ||
| 999 |
_c2028 _d2028 |
||